000
00274nam a2200121 a 4500
008
101022s1975|||| d
245
1
0
_a
Bábka a komedianti
100
1
_a
Lam,Visvald
044
_a
xo
_c
SK
041
_a
slo
260
_b
Obzor
_a
Bratislava
_c
1975
020
_c
19
999
_c
12081
_d
12081